| 000 | 01681nam a2200277Ia 4500 | ||
|---|---|---|---|
| 999 |
_c56509 _d56509 |
||
| 001 | 23623 | ||
| 003 | GE_BSU | ||
| 005 | 20260309152616.0 | ||
| 008 | 181216s1965||||ge |||||||||||||| ||geo|| | ||
| 040 | _cGE_BSU | ||
| 041 | _ageo | ||
| 080 | _a94(438:479.22)"14/16 ც-66 | ||
| 100 |
_aცინცაძე, ი. _918922 |
||
| 245 |
_aმასალები პოლონეთისა და საქართველოს ურთიერთობის ისტორიისათვის : _b XV-XVII საუკუნეები / _cი. ცინცაძე ; რედ. : ნ. ფავლენიშვილი ; მხატვ. : ი. მჭედლიშვილი. |
||
| 264 |
_aთბილისი : _bსაბჭ. საქართველო, _c1965. |
||
| 300 |
_a114 გვ. : _bილ. ; _c20 სმ. |
||
| 500 | _aტექსტის მცირე ნაწილი რუსულ ენაზე | ||
| 520 | _aტექსტის მცირე ნაწილი რუს. ენ.. | ||
| 541 | _h0,52 თ. | ||
| 653 | _aისტორია | ||
| 653 | _aმასალები პოლონეთისა და საქართველოს ურთიერთობის ისტორიისათვის : XV-XVII საუკუნეები. | ||
| 653 | _aპოლონეთ-საქართველოს ურთიერთობის ისტორია, XV-XVII ს.ს. | ||
| 700 |
_aფავლენიშვილი, ნ. _eრედაქტორი _93115 |
||
| 700 |
_aმჭედლიშვილი, ი. _eმხატვარი _94853 |
||
| 942 |
_cBK _2udc |
||